| 000 | 00670cam a22002413a 4500 | ||
|---|---|---|---|
| 001 | 31979 | ||
| 003 | PGUSA | ||
| 005 | 20140828083707.0 | ||
| 008 | 100414s2010||||xxu|||||s|||||000 1 eng d | ||
| 040 |
_aPGUSA _beng |
||
| 042 | _adc | ||
| 050 | 4 | _aPS | |
| 100 | 1 |
_aPohl, Frederik, _d1919-2013 |
|
| 245 | 1 | 4 |
_aThe Tunnel Under The World _h[electronic resource] / _cFrederik Pohl |
| 260 |
_bProject Gutenberg, _c2010 |
||
| 506 | _aPublic domain in the USA. | ||
| 516 | _aElectronic text | ||
| 653 | _aScience fiction | ||
| 700 | 1 |
_aEmshwiller, Ed, _d1925-1990 |
|
| 830 | 0 |
_aProject Gutenberg _v31979 |
|
| 856 | 4 | 0 | _uhttp://www.gutenberg.org/ebooks/31979 |
| 942 | _cEB | ||
| 999 |
_c261234 _d261234 |
||